[Event "Trebic Highlands op 11th"]
[Site "Trebic"]
[Date "2017.09.29"]
[Round "8"]
[White "Sebek, Pavel"]
[Black "Zeleny, Ondrej"]
[Result "0-1"]
[WhiteElo "1487"]
[BlackElo "1356"]
[PlyCount "84"]
[EventDate "2017.09.23"]
[EventType "swiss"]
[EventRounds "9"]
[EventCountry "CZE"]
[SourceTitle "EXT 2018"]
[Source "ChessBase"]
[SourceDate "2017.10.13"]
[SourceVersion "1"]
[SourceVersionDate "2017.10.13"]
[SourceQuality "1"]

1. e4 c5 2. Nf3 d6 3. d4 cxd4 4. Nxd4 Nf6 5. Nc3 g6 6. Be2 Bg7 7. Be3 0-0 8. 0-0 Nc6 9. Qd2 Re8 10. Rad1 Nxd4 11. Bxd4 Bd7 12. Qc1 Rc8 13. e5 dxe5 14. Bxe5 e6 15. Bb5 a6 16. Bxd7 Nxd7 17. Bxg7 Kxg7 18. Rd3 Qc7 19. Re1 b5 20. Re2 Nc5 21. Rh3 Kg8 22. Qh6 f6 23. Qc1 b4 24. Nd1 Red8 25. Ne3 Nd3 26. Qb1 Nf4 27. Re1 Nxh3+ 28. gxh3 Rd2 29. Qc1 Rcd8 30. a3 Qf4 31. Rf1 bxa3 32. bxa3 Re2 33. Qb1 Rdd2 34. Nd1 Qg5+ 35. Kh1 Qd5+ 36. Kg1 Rxc2 37. Ne3 Rb2 38. Qc1 Qg5+ 39. Kh1 Rxf2 40. Qc8+ Kg7 41. Qd7+ Kh6 42. Ng4+ Qxg4 0-1

[Event "Trebic Highlands op 11th"]
[Site "Trebic"]
[Date "2017.09.24"]
[Round "2"]
[White "Navratilova, Alena"]
[Black "Zeleny, Ondrej"]
[Result "0-1"]
[WhiteElo "1692"]
[BlackElo "1356"]
[PlyCount "104"]
[EventDate "2017.09.23"]
[EventType "swiss"]
[EventRounds "9"]
[EventCountry "CZE"]
[SourceTitle "EXT 2018"]
[Source "ChessBase"]
[SourceDate "2017.10.13"]
[SourceVersion "1"]
[SourceVersionDate "2017.10.13"]
[SourceQuality "1"]

1. Nf3 Nf6 2. d4 g6 3. g3 Bg7 4. Bg2 d5 5. 0-0 0-0 6. Nbd2 Bf5 7. Ne5 Nbd7 8. Ndf3 Nxe5 9. Nxe5 Ng4 10. Nxg4 Bxg4 11. c3 c6 12. Re1 e5 13. dxe5 Bxe5 14. Bh6 Re8 15. Qd2 Bf6 16. Be3 Qe7 17. Bf3 Bxf3 18. exf3 Qd7 19. Bd4 Be7 20. Rad1 Qf5 21. Kg2 Qg5 22. Qxg5 Bxg5 23. f4 Be7 24. Kf1 Bd6 25. Be3 Re6 26. Bd4 Rae8 27. Rxe6 fxe6 28. h4 b5 29. Ra1 a5 30. a4 c5 31. Be5 Bxe5 32. fxe5 b4 33. cxb4 axb4 34. a5 Ra8 35. Ke2 Ra7 36. Kd3 Kg7 37. b3 Kh6 38. f4 Kh5 39. Ke3 Kg4 40. Kf2 c4 41. bxc4 dxc4 42. Ra4 b3 43. Rxc4 Rxa5 44. Rb4 Ra2+ 45. Ke3 b2 46. Rb3 Ra3 47. Rxa3 b1Q 48. Rd3 Qe1+ 49. Kd4 Qb4+ 50. Ke3 Kxg3 51. Rd4 Qxd4+ 52. Kxd4 Kxf4 0-1